000 00713nam a2200277Ia 4500
003 OSt
005 20221007104020.0
006 a|||||r|||| 00| 0
007 ta
008 221006b |||||||| |||| 00| 0 eng d
020 _a0195674774
024 _a14,656
037 _cTextual
040 _aLCO
_cLCO
_beng
041 _2eng
_aeng
082 _aZ2,9298, P4
100 _aWade H.W.R.
245 0 _aAdministrative Law
250 _a9th
260 _aNew
_bDelhi Oxford University Press India
_c2004
300 _a1035
650 _aADMINISTRATIVE LAW
_9681514
700 _a Forsyth C.F.
942 _hZ2,9298, P4
_cTEXL
999 _c1184219
_d1184219